Fallout from Frisco (Record no. 66899)
[ view plain ]
| 000 -LEADER | |
|---|---|
| fixed length control field | 01349cam a2200241 4500 |
| 001 - CONTROL NUMBER | |
| control field | ABS63870 |
| 008 - FIXED-LENGTH DATA ELEMENTS--GENERAL INFORMATION | |
| fixed length control field | 000000n2001 000 0 eng u |
| 035 ## - SYSTEM CONTROL NUMBER | |
| System control number | (Sirsi) u112403 |
| 100 ## - MAIN ENTRY--PERSONAL NAME | |
| Personal name | Wheatley, C. |
| 245 ## - TITLE STATEMENT | |
| Title | Fallout from Frisco |
| 260 ## - PUBLICATION, DISTRIBUTION, ETC. | |
| Date of publication, distribution, etc. | 2001 |
| 490 ## - SERIES STATEMENT | |
| Series statement | Estates Gazette |
| Volume/sequential designation | (0016) 21 April 2001, 57-59(3) |
| 520 ## - SUMMARY, ETC. | |
| Summary, etc. | Describes the problems faced by high-tech sector as companies in the UKmirror those of the United States by scaling back their property plans. Follows the fortunes of CISCO systems which has recently posted a profits warning and announced plans to sack a quarter of its global workforce. Warns there is a strong possibility of more problems in the future. For example in the part of the United States around Silicon Valley many companies are expected to collapse over the next 12 months. UK agents downplay the possibility of such a collapse here, but the market is still unpredictable. Tables show Thames Valley Office Space under construction and Cisco shares fall over the past year. |
| 590 ## - LOCAL NOTE (RLIN) | |
| Local note | ABS |
| 650 ## - SUBJECT ADDED ENTRY--TOPICAL TERM | |
| Topical term or geographic name entry element | HIGH TECH SECTOR |
| 650 ## - SUBJECT ADDED ENTRY--TOPICAL TERM | |
| Topical term or geographic name entry element | CISCO SYSTEMS |
| 650 ## - SUBJECT ADDED ENTRY--TOPICAL TERM | |
| Topical term or geographic name entry element | SHARE PRICES |
| 650 ## - SUBJECT ADDED ENTRY--TOPICAL TERM | |
| Topical term or geographic name entry element | PROPERTY-COMMERCIAL PROPERTY-OFFICE PROPERTY-OFFICE PROPERTY MARKET |
| 650 ## - SUBJECT ADDED ENTRY--TOPICAL TERM | |
| Topical term or geographic name entry element | US ECONOMY |
| 650 ## - SUBJECT ADDED ENTRY--TOPICAL TERM | |
| Topical term or geographic name entry element | READING |
| 690 ## - LOCAL SUBJECT ADDED ENTRY--TOPICAL TERM (OCLC, RLIN) | |
| Topical term or geographic name as entry element | MANAGEMENT-BUSINESS MANAGEMENT-INFORMATION MANAGEMENT |
| 942 ## - ADDED ENTRY ELEMENTS (KOHA) | |
| Suppress in OPAC | 0 |
| Withdrawn status | Lost status | Source of classification or shelving scheme | Damaged status | Not for loan | Home library | Current library | Shelving location | Date acquired | Total Checkouts | Full call number | Barcode | Date last seen | Copy number | Price effective from | Koha item type |
|---|---|---|---|---|---|---|---|---|---|---|---|---|---|---|---|
| Dewey Decimal Classification | London | London | Journal article | 04/05/2001 | ABS63870 | 112403-1001 | 06/08/2019 | 1 | 06/08/2019 | Journal article |